书目信息 |
| 题名: |
谈龙集
|
|
| 作者: | 周作人 著 | |
| 分册: | ||
| 出版信息: | 南昌 江西人民出版社 1986 |
|
| 页数: | 196页 | |
| 开本: | 18cm | |
| 丛书名: | 百花洲文库 | |
| 单 册: | ||
| 中图分类: | I266 , I209 | |
| 科图分类: | ||
| 主题词: | 随笔--中国--现代--选集 , 文学--中国 | |
| 电子资源: | ||
| ISBN: | ||
| 000 | 00666nam2 2200265 45 | |
| 001 | 1555557015 | |
| 005 | 20150123152622.00 | |
| 010 | @dCNY1.00 | |
| 100 | @a19951108d1986 em y0chiy0121 ea | |
| 101 | 0 | @achi |
| 102 | @aCN@b360000 | |
| 105 | @ay z 000yy | |
| 200 | 10 | @a谈龙集@Atan long ji@f周作人著 |
| 210 | @a南昌@c江西人民出版社@d1986 | |
| 215 | @a196页@d18cm | |
| 225 | 2 | @a百花洲文库@h第四集 |
| 410 | 0 | @120010@a百花洲文库 |
| 606 | @a随笔@y中国@z现代@x选集 | |
| 606 | 0 | @a文学@x中国 |
| 690 | @aI266@v3 | |
| 690 | @aI209@v4 | |
| 701 | 0 | @a周作人@4著@Azhou zuo ren |
| 801 | 0 | @aCN@bTSSF@c20150123 |
| 801 | 2 | @aCN@bNLC |
| 905 | @aZUCC@dI209@eJY32 | |
| 谈龙集/周作人著.-南昌:江西人民出版社,1986 |
| 196页;18cm.-(百花洲文库.第四集) |
| ISBN :CNY1.00 |
| ● |
| 相关链接 |
|
|
|
|
正题名:谈龙集
索取号:I209/JY32
 
预约/预借
| 序号 | 登录号 | 条形码 | 馆藏地/架位号 | 状态 | 备注 |
| 1 | 7854794 | 278547949 | 学院路分馆/ [索取号:I209/JY32] | 在馆 | |
| 2 | 7854795 | 278547958 | 学院路分馆/ [索取号:I209/JY32] | 在馆 |